Haltestellen der Linie D (Wien) - Statistiken

Allgemein
  • Dieses Quiz wurde 77 mal gespielt
    65 seit der letzten Aktualisierung
  • Das Durchschnittsergebnis liegt bei 21 aus 32
Antwortstatistiken
Haltestelle % Korrekt
Schottentor
94%
Börse
92%
Nußdorf
92%
Karlsplatz/Oper
90%
Rathausplatz/Burgtheater
84%
Ring/Volkstheater
84%
Parlament
82%
Absberggasse
78%
Quartier Belvedere
78%
Schwarzenbergplatz
78%
Spittelau
76%
Burgring
74%
Hauptbahnhof Ost
72%
Schloss Belvedere
72%
Franz-Josefs-Bahnhof
70%
Heiligenstadt, 12.-Februar-Platz
70%
Nußdorf, Beethovengang
70%
Alfred-Adler-Straße
58%
Schlickgasse
58%
Augasse
56%
Seegasse
56%
Althanstraße
54%
Bauernfeldplatz
54%
Liechtenwerder Platz
52%
Grinzinger Straße
48%
Plößlgasse
44%
Rampengasse
44%
Gunoldstraße
42%
Hlawkagasse
42%
Gußhausstraße
40%
Halteraugasse
38%
Sickenberggasse
30%
Keine übereinstimmenden Quizze gefunden
Verteilung der Resultate
Anzahl Personen mit jedem Resultat
Perzentil nach korrekt beantworteten Fragen
Ihre Resultats-Entwicklung
Sie haben dieses Quiz seit der letzten Aktualisierung nicht gespielt